| 000 | 01194nmm a2200469 a 4500 | ||
|---|---|---|---|
| 003 | AR-BaBNM | ||
| 005 | 20251128202806.0 | ||
| 008 | 247119s1961 ||||||||||||||000 | spa|| | ||
| 040 | _cAR-BaBNM | ||
| 100 | 1 | _aVito, Francesco | |
| 245 | 1 | 0 | _aEconomía política |
| 260 |
_aMadrid _bTesoro _c1961 |
||
| 300 |
_axxiv, 798 p. _btablas, gráfs. |
||
| 650 | 4 | _aTEORIA ECONOMICA | |
| 650 | 4 | _aPOLITICA ECONOMICA | |
| 650 | 4 | _aRENTA DEL CAPITAL | |
| 650 | 4 | _aAHORRO | |
| 650 | 4 | _aINVERSION | |
| 650 | 4 | _aINTERES | |
| 650 | 4 | _aFINANCIACION | |
| 650 | 4 | _aPRECIOS | |
| 650 | 4 | _aPRODUCCION | |
| 650 | 4 | _aFLUCTUACIONES ECONOMICAS | |
| 650 | 4 | _aHISTORIA SOCIAL | |
| 650 | 4 | _aSOCIOLOGIA POLITICA | |
| 650 | 4 | _aHISTORIA DEL TRABAJO | |
| 650 | 4 | _aSALARIO MINIMO | |
| 650 | 4 | _aSEGURIDAD SOCIAL | |
| 650 | 4 | _aTRABAJO | |
| 650 | 4 | _aTRABAJADORES | |
| 650 | 4 | _aSALARIOS | |
| 650 | 4 | _aCAPITALISMO | |
| 650 | 4 | _aHISTORIA ECONOMICA | |
| 650 | 4 | _aIMPUESTOS | |
| 650 | 4 | _aHACIENDA PUBLICA | |
| 650 | 4 | _aHISTORIA POLITICA | |
| 650 | 4 | _aMONEDA | |
| 700 | 1 |
_aZubizarreta, José _eprologuista |
|
| 700 | 1 |
_aNuñez, Carlos Humberto _etraductor |
|
| 942 | _cBK | ||
| 998 | _cmariana | ||
| 999 |
_c594 _d594 |
||